Words in Words: TV Shows Quiz Stats

 Plays Quiz Updated Feb 5, 2016

Challenge
Share
Tweet
Embed
Score 0/26 Timer 04:00
0 Plays Today
Hint Four-Letter Word % Correct
How I Met Your ____erMOTH
96.7%
The Wal____ DeadKING
96.1%
Grey's An____yATOM
95%
Gil____ GirlsMORE
95%
Bre____g BadAKIN
94.8%
Pa____hoodRENT
94.8%
The Ellen De____res ShowGENE
94.6%
____rn FamilyMODE
94.4%
Sons of An____yARCH
92.5%
7th H____nEAVE
90.6%
The Menta____LIST
90.4%
____gate SG-1STAR
85.2%
Cros____ JordanSING
85.1%
Hint Four-Letter Word % Correct
Bew____edITCH
84.4%
Hom____dELAN
63.9%
____er EdMIST
60.6%
Fri____ENDS
53.1%
____ing SkiesFALL
52.6%
____dalSCAN
50.4%
____ifiedJUST
47.8%
____elessSHAM
42.6%
C____edHARM
33%
F____eRING
24%
____ieLASS
12.4%
____leCAST
8.7%
____lHAZE
3.1%

You're not logged in!

Compare scores with friends on all Sporcle quizzes.
Join for Free
OR
Log In

You Might Also Like...

Show Comments

Extras

Top Quizzes Today


Score Distribution

Your Account Isn't Verified!

In order to create a playlist on Sporcle, you need to verify the email address you used during registration. Go to your Sporcle Settings to finish the process.

Report this User

Report this user for behavior that violates our Community Guidelines.

Details: